=LDR 00000nam 2200000 4500 =001 INLIS000000000025377 =005 20130612123907 =008 ***********************************Ind** =035 ##$$0010-061300000025377 =041 ##$$a Ind =082 ##$$a 701.15 =090 ##$$a 701.15, Rum k =100 ##$$a Rumentha, Jenny =245 ##$$a Kreasi cokelat khusus pemula, Jenny Rumentha =260 ##$$a 2006 $b Jakarta =300 ##$$a 32 hlm, ilus, 23 cm =650 ##$$a Kreasi cokelat =850 ##$$a NBPNMAT